| 000 | 01094cam a22003253a 4500 | ||
|---|---|---|---|
| 001 | 21104 | ||
| 003 | PGUSA | ||
| 005 | 20140828083441.0 | ||
| 008 | 070416s2007||||xxu|||||s|||||000 1 eng d | ||
| 040 |
_aPGUSA _beng |
||
| 042 | _adc | ||
| 050 | 4 | _aPZ | |
| 100 | 1 |
_aHutcheson, John C. _q(John Conroy) |
|
| 245 | 1 | 0 |
_aAfloat at Last : _bA Sailor Boy's Log of his Life at Sea _h[electronic resource] / _cJohn C. Hutcheson |
| 260 |
_bProject Gutenberg, _c2007 |
||
| 506 | _aPublic domain in the USA. | ||
| 516 | _aElectronic text | ||
| 653 | _aShip captains -- Juvenile fiction | ||
| 653 | _aFriendship -- Juvenile fiction | ||
| 653 | _aSeafaring life -- Juvenile fiction | ||
| 653 | _aVoyages and travels -- Juvenile fiction | ||
| 653 | _aAdventure and adventurers -- Juvenile fiction | ||
| 653 | _aSargasso Sea -- Juvenile fiction | ||
| 653 | _aSailors -- Juvenile fiction | ||
| 653 | _aHurricanes -- Juvenile fiction | ||
| 700 | 1 |
_aOverend, William Heysham, _d1851-1898 |
|
| 830 | 0 |
_aProject Gutenberg _v21104 |
|
| 856 | 4 | 0 | _uhttp://www.gutenberg.org/ebooks/21104 |
| 942 | _cEB | ||
| 999 |
_c250359 _d250359 |
||